Southville International School and Colleges
Your cart is empty.
  • Cart
  • Lists
    Public lists Eva Luna New books Lux_list list_1
    Your lists Log in to create your own lists
  • Log in to your account
  • Your cookies
  • Search history
Southville International School and Colleges
  • Advanced search
  • Recent comments
  • Most popular
  • Libraries

Log in to your account

Log in with GOOGLE


If you do not have an external account, but do have a local account, you can still log in:

  1. Home
  2. MARC view: Strategic marketing in tourism services /
Normal view MARC view ISBD view

Strategic marketing in tourism services / (Record no. 117481)

[ view plain ]
MARC details
000 -LEADER
fixed length control field 00573nam a2200181Ia 4500
003 - CONTROL NUMBER IDENTIFIER
control field PILC
005 - DATE AND TIME OF LATEST TRANSACTION
control field 20160321151010.0
008 - FIXED-LENGTH DATA ELEMENTS--GENERAL INFORMATION
fixed length control field 140527s9999 xx 000 0 und d
020 ## - INTERNATIONAL STANDARD BOOK NUMBER
International Standard Book Number 9781780520704
050 ## - LIBRARY OF CONGRESS CALL NUMBER
Classification number G 155.A1
Item number .St82m 2012
245 ## - TITLE STATEMENT
Title Strategic marketing in tourism services /
Statement of responsibility, etc edited by Rodoula H. Tsiotsou, Ronald E. Goldsmith.
260 ## - PUBLICATION, DISTRIBUTION, ETC. (IMPRINT)
Place of publication, distribution, etc Bingley, UK :
Name of publisher, distributor, etc Emerald,
Date of publication, distribution, etc 2012.
300 ## - PHYSICAL DESCRIPTION
Extent 377 pages :
Other physical details illustrations ;
Dimensions 25 cm.
500 ## - GENERAL NOTE
General note Includes appendix and index.
650 ## - SUBJECT ADDED ENTRY--TOPICAL TERM
Topical term or geographic name as entry element Strategic planning.
942 ## - ADDED ENTRY ELEMENTS (KOHA)
Call number prefix Foreign
Koha item type Books
Source of classification or shelving scheme Library of Congress Classification
Holdings
Withdrawn status Lost status Damaged status Home library Current library Shelving location Date acquired Cost, normal purchase price Total Checkouts Full call number Barcode Date last seen Price effective from Koha item type
      College Library College Library Reserve Section 05/28/2014 3456.95   G 155.A1 .St82m 2012 C18089 05/15/2018 05/28/2014 Books

Strategic marketing in tourism services /

APA

(2012). Strategic marketing in tourism services. Bingley, UK: Emerald.

Chicago

2012. Strategic marketing in tourism services. Bingley, UK: Emerald.

Harvard

(2012). Strategic marketing in tourism services. Bingley, UK: Emerald.

MLA

Strategic marketing in tourism services. Bingley, UK: Emerald. 2012.

  • Place hold
  • Print
  • Cite
  • Add to your cart (remove)
  • Save record
    BIBTEX Dublin Core MARCXML MARC (non-Unicode/MARC-8) MARC (Unicode/UTF-8) MARC (Unicode/UTF-8, Standard) MODS (XML) RIS
  • More searches
    Search for this title in:
    Other Libraries (WorldCat) Other Databases (Google Scholar) Online Stores (Bookfinder.com) Open Library (openlibrary.org)

Exporting to Dublin Core...

SOUTHVILLE LIBRARY

Southville International School and Colleges Library

1281 Tropical Ave. Cor. Luxembourg St., BF Homes International, Las Pinas City

Tel. No. 8256374 / 252358 Loc. 117/146

Powered by Koha